<?xml version="1.0" encoding="UTF-8"?><?xml-stylesheet type="text/xsl" href="static/style.xsl"?><OAI-PMH xmlns="http://www.openarchives.org/OAI/2.0/" xmlns:xsi="http://www.w3.org/2001/XMLSchema-instance" xsi:schemaLocation="http://www.openarchives.org/OAI/2.0/ http://www.openarchives.org/OAI/2.0/OAI-PMH.xsd"><responseDate>2026-04-17T23:49:17Z</responseDate><request verb="GetRecord" identifier="oai:www.recercat.cat:2072/420987" metadataPrefix="marc">https://recercat.cat/oai/request</request><GetRecord><record><header><identifier>oai:recercat.cat:2072/420987</identifier><datestamp>2026-02-13T20:20:38Z</datestamp><setSpec>com_2072_98</setSpec><setSpec>col_2072_378196</setSpec></header><metadata><record xmlns="http://www.loc.gov/MARC21/slim" xmlns:dcterms="http://purl.org/dc/terms/" xmlns:xsi="http://www.w3.org/2001/XMLSchema-instance" xmlns:doc="http://www.lyncode.com/xoai" xsi:schemaLocation="http://www.loc.gov/MARC21/slim http://www.loc.gov/standards/marcxml/schema/MARC21slim.xsd">
   <leader>00925njm 22002777a 4500</leader>
   <datafield ind2=" " ind1=" " tag="042">
      <subfield code="a">dc</subfield>
   </datafield>
   <datafield ind2=" " ind1=" " tag="720">
      <subfield code="a">Grau Aberturas, Adriana</subfield>
      <subfield code="e">author</subfield>
   </datafield>
   <datafield ind2=" " ind1=" " tag="720">
      <subfield code="a">Universitat Autònoma de Barcelona. Facultat de Psicologia</subfield>
      <subfield code="e">author</subfield>
   </datafield>
   <datafield ind2=" " ind1=" " tag="260">
      <subfield code="c">2011</subfield>
   </datafield>
   <datafield ind2=" " ind1=" " tag="520">
      <subfield code="a">El presente estudio evalúa la influencia de los esquemas implícitos y explícitos, tanto acerca de uno mismo como de los demás, sobre la experimentación de experiencias pseudo-psicóticas positivas; tomando como marco de referencia dos destacados modelos explicativos: el modelo atribucional de auto-representación y el modelo de la anticipación cognitiva de la amenaza. Los análisis se realizaron sobre una muestra de 185 estudiantes de psicología de la UAB. Los resultados obtenidos apoyaron la influencia de los esquemas explícitos positivos del yo y los negativos de los otros sobre las experiencias pseudo-psicóticas positivas; aportando así un apoyo parcial para ambos modelos.</subfield>
   </datafield>
   <datafield ind2=" " ind1=" " tag="520">
      <subfield code="a">Aquest estudi avalua la influència de esquemes implícits i explícits, tant sobre un mateix com en d'altres, sobre l'experimentació d'experiències positives pseudo-psicòtiques; prenent com marc de referència dos models explicatius destacats: el model atribucional d'autorepresentació i el model de l'anticipació cognitiu de l'amenaça. Les anàlisis es van realitzar en una mostra de 185 estudiants de Psicologia de la UAB. Els resultats donen suport a la influència dels esquemes explícits positius del jo i dels negatius de l'altre en les experiències positives pseudo-psicòtiques; proporcionant suport parcial per als dos models.</subfield>
   </datafield>
   <datafield tag="653" ind2=" " ind1=" ">
      <subfield code="a">Psicosi Diagnòstic</subfield>
   </datafield>
   <datafield ind2="0" ind1="0" tag="245">
      <subfield code="a">Influencia de los esquemas cognitivos implícitos y explícitos en la manifestación de experiencias pseudo-psicóticas positivas</subfield>
   </datafield>
</record></metadata></record></GetRecord></OAI-PMH>